The great deluge : Hurricane Katrina, New Orleans and the Mississippi Gulf Coast

Bibliographic Details
Main Author: Brinkley, Douglas
Format: Book
Published: New York : HarperCollins Publishers , 2006
Subjects:

MARC

LEADER 00000cam a2200000 7i4500
001 0000010267
005 20071022.0
008 071022
020 |a 0061124230 
090 0 0 |a 976.3   |b ENG 
100 1 |a Brinkley, Douglas 
245 1 4 |a The great deluge :   |b Hurricane Katrina, New Orleans and the Mississippi Gulf Coast   |c Douglas Brinkley 
260 |a New York :   |b HarperCollins Publishers ,   |c 2006 
650 0 |a Disaster victims   |z Louisina   |z New Orleans 
650 0 |a English fiction 
650 0 |a Hurricane Katrina, 2005 
650 0 |a Hurricanes   |z Louisiana   |z New Orleans 
650 0 |a Novel 
999 |a 0000997822   |b Book   |c REFERENCE   |e Perbadanan Perpustakaan Awam Johor 
999 |a 0001000087   |b Book   |c Adult Collection   |e Perbadanan Perpustakaan Awam Johor